000 00424pab a2200145 454500
008 180718b1985 xxu||||| |||| 00| 0 eng d
100 _aMansour, Hussein Omer
245 _aMethods and techniques of achieving self - sufficiency for manpower in government agencies
260 _c1985
300 _a7-10
362 _aJan.
650 _aManpower - Policy
773 _aPublic Administration (Saudi Arabia)
909 _a13205
999 _c13205
_d13205